| 000 | 00565nam a2200217Ia 4500 | ||
|---|---|---|---|
| 005 | 20250923150200.0 | ||
| 008 | 008 250917s9999 xx 000 0 eng d | ||
| 037 | _aTextual | ||
| 040 |
_aDSWL _beng _cDSWL |
||
| 041 |
_aeng _2eng |
||
| 084 | _qDSWL | ||
| 100 |
_aLawani, T S _9843136 |
||
| 245 | 0 |
_aSocial work perspectives _cby T S Lawani |
|
| 260 |
_aNew Delhi _b Om Publications India _c2006 |
||
| 300 | _a190p. | ||
| 365 |
_aINR _b500 . 0 |
||
| 650 |
_a I S SUBHEDAR _9843137 |
||
| 925 | _g500 . 0 | ||
| 942 | _cTEXL | ||
| 999 |
_c1460516 _d1460516 |
||